| 000 | 01256nam a2200265 i 4500 | ||
|---|---|---|---|
| 001 | 18303 | ||
| 003 | DO-SdUEMH | ||
| 005 | 20260108152805.0 | ||
| 007 | ta | ||
| 008 | 260108s2023 dr a|||gr|||| 00| 0dspa d | ||
| 020 | _a9789945942613 | ||
| 040 |
_aDO-SdUEMH _bspa _erda |
||
| 041 | _aspa | ||
| 082 | 1 | 4 |
_mRD _bM626 |
| 245 |
_aRemesas y Migraciones en República Dominicana: _bretos, dinámicas y perspectivas |
||
| 264 | 1 |
_aSanto Domingo, República Dominicana : _bBúho S.R.L. _c2023 |
|
| 264 | 4 | _c©2023 | |
| 300 |
_a105 páginas : _bilustraciones ; _c22 cm. |
||
| 336 |
_2rdacontent _atexto _btxt |
||
| 337 |
_2rdamedia _asin mediación _bn |
||
| 338 |
_2rdacarrier _avolumen _bnc |
||
| 504 | _aContiene Información Bibliográfica a Final de la Obra. | ||
| 505 | 2 | _aI. Contexto general de las emigraciones dominicanas desde 1950 hasta la actualidad -- II. Dinámica y tendencias de los flujos de remesas hacia la República Dominicana -- III. El mercado de intermediación de remesas familiares de la República Dominicana -- IV. Migraciones y remesas: retos y desafíos para la República Dominicana -- V. Más allá de las remesas: experiencia y buenas prácticas de la República Dominicana en la gestión del codesarrollo. | |
| 942 |
_2ddc _cBK _n0 |
||
| 999 |
_c18303 _d18303 |
||